000 00494nam a2200181 4500
001 24229
005 20230410143258.0
008 060907n2004 dr spa
020 _a9977652562
035 _9funglode24405
041 _aES
050 1 4 _aLEWIS
245 0 _aSoluciones para Costa Rica /
_cMiguel Sobrado, Eduardo Saxe, compiladores
260 _aHeredia, Costa Rica :
_bEuna,
_c2004
300 _a355 p.
700 _aSobrado, Miguel \ Saxe, Eduardo
942 _2lcc
_cbk
999 _c98642
_d98642